| 000 | 00789nam a2200229Ia 4500 | ||
|---|---|---|---|
| 003 | GCL | ||
| 008 | 140319s9999 xx 000 0 ara d | ||
| 040 |
_aGCL / _cGCL |
||
| 082 | 0 | 4 |
_a241 _bم ش |
| 100 | 1 | _aابن ميمون : ابوبكر محمد بن عبدالله العبدرى القرطبى | |
| 245 | 1 | 0 |
_aشرح الارشاد / _cابن ميمون : ابوبكر محمد بن عبدالله العبدرى القرطبى |
| 700 | 1 | _aاحمد مجازى احمد السقا | |
| 260 |
_a[S.N] : _bمكتبة الانجلوالمصرية ، _c1987 |
||
| 300 | _a675 ص | ||
| 490 | _a | ||
| 650 | 0 | 4 | _aالاسلام |
| 650 | 0 | 4 | _aالوحدانية |
| 650 | 0 | 4 | _aالله |
| 650 | 0 | 4 | _aالالوهية |
| 650 | 0 | 4 | _aالاسلام والسياسة |
| 942 |
_2ddc _cBK |
||
| 999 |
_c33016 _d33016 |
||